000 01641nas a2200409 i 4500
001 386
003 ES-MaACL
005 20250814062535.0
008 950801c1914 sp fr p 0 1 |spa d
022 _a0210-4822
080 _a06
080 _a80
245 0 0 _aBoletín de la Real Academia Española.
260 _aMadrid :
_bReal Academia Española,
_c1914-
300 _a76 v. ;
_c25 cm.
310 _aSemestral,
_b2002-
321 _aCuatrimestral,
_b1945-2001
321 _aIrregular,
_b1914-1944
362 0 _aAño 1, t. 1, cuaderno 1 (feb. 1914)-
500 _aNo se publicó en 1937-44.
500 _aSubtítulo del t. 27 (oct. 1947-abril 1948): n. especial para conmemorar el cuarto centenario del nacimiento de Cervantes.
530 _aDisponible en formato digital.
555 8 _aÍndice acumulado: t. 1-t. 50 (1914-1971)
600 0 _aCervantes Saavedra, Miguel de,
_d1547-1616-
_jAniversarios y centenarios
_9221674
650 4 _aInstituciones científicas y diversas
_913829
650 4 _aLingüística. Filología.
_914477
650 7 _aLengua española
_2embne
_914115
650 4 _aLiteratura española-
_xHistoria y crítica
_914560
655 7 _2tgfbne
_9226866
_aRevistas
710 2 _aReal Academia Española
_96336
852 4 _aES-MaACL
_jHEM-H-132
_xHem-1167
856 4 _uhttp://revistas.rae.es/brae
_zBoletín de la Real Academia Española
856 4 _uhttps://dialnet.unirioja.es/servlet/revista?codigo=216
_ySumarios de la revista en Dialnet
866 0 _o1914-35(1936).1945-73(1974f.n.201)1975-76(1977f.n.210)1978-2011.
942 _2udc
999 _c386
_d386